Statistics for Famous US speeches

Click here to take the quiz!

General Stats

  • This quiz has been taken 24 times
  • The average score is 5 of 10

Answer Stats

HintAnswer% Correct
The only thing we have to fear is(Franklin D Rooselvelt)fear itself
95%
Mr Gorbachev(Ronald Reagan)Tear down this wall
84%
Ask not what your country can do for you(JFK)Ask what you can do for your country
74%
A House divided by itself(Abraham Lincoln)Cannot stand
74%
Read my lips(George W Bush)No New Taxes
74%
We hold these truths to be self-evident(Thomas Jefferson)That all men are created equal
58%
Genius is one percent inspiration and(Thomas Edison)99 percent perspiration
47%
People have got to know whether their president is a crook or not(Richard Nixon)Well Im not a crook
16%
There is not a liberal America and a conservative America(Barack Obama)Theres the United States of America
5%
You shall not crucify mankind(William Jennings Bryan)Upon a cross of gold
5%

Score Distribution

Percentile by Number Answered

Percent of People with Each Score

Your Score History

You have not taken this quiz